Statistics for Whenua o te Ao i te Reo Māori

Click here to take the quiz!

General Stats

  • This quiz has been taken 44 times
  • The average score is 13 of 196

Answers on the Map

Answers color-coded by a green-red scale on the quiz's map according to % correct below.
Loading ...
 

Answer Stats

Whenua% Correct
Aotearoa
74%
Kāna
67%
Hononga-o-Amerika
52%
Tonga
48%
Nauru
30%
Perū
30%
Panamā
30%
Kānata
30%
Te Whenua o Kōngo
26%
Kōngo
26%
Kōrea-ki-te-Raki
26%
Kōrea-ki-te-Tonga
26%
Kiupa
26%
Hāmoa
22%
Māri
22%
Mēhiko
22%
Īrāna
22%
Wīwī
22%
Itāria
22%
Āwherika-ki-te-Tonga
22%
Te Puku o Āwherika
22%
Rūhia
22%
Haiti
19%
Tūnihia
19%
Namīpia
19%
Pāhama
19%
Marako
15%
Hauti Arapia
15%
Katā
15%
Taiwana
15%
Omāna
15%
Kāta
15%
Manako
15%
Haina
15%
Kotahitanga o
ngā Whenua Ārapi
15%
Koromōpia
15%
Komoro
15%
Whenuatū
11%
Kiripati
11%
Te Pāpaka-a-Māui
11%
Tūwaru
11%
Parīhi
11%
Pārau
11%
Kīngitanga Kotahi
11%
Airangi
11%
Hiri
11%
Hapanihi
11%
Toko
7%
Mongōria
7%
Kāpona
7%
Etonia
7%
Parakai
7%
Kuwait
7%
Hūtāne
7%
Pēnina
7%
Rituānia
7%
Rīpia
7%
Marāwi
7%
Putāna
7%
Etiopia
7%
Kēnia
7%
Pōrana
7%
Ukānga
7%
Hūtāne-ki-te-Tonga
7%
Pāreina
7%
Tairana
7%
Whītī
7%
Īnia
7%
Īrāki
7%
Rōmeinia
7%
Wenehūera
7%
Kaiana
7%
Pāniora
7%
Urukuai
7%
Nōwei
4%
Te Whenua Tominika
4%
Papua Nūkini
4%
Tiamani
4%
Mārata
4%
Marēhia
4%
Mauritānia
4%
Hamaika
4%
Piripīni
4%
Hinerangi
4%
Āmenia
4%
Īhipa
4%
Honotura
4%
Tominika
4%
Rāwana
4%
Hurināme
4%
Hiria
4%
Puruniti
4%
Kini
4%
Pērihi
0%
Tahikitāna
0%
Āwhekenetāna
0%
Pōngia-Herekōmina
0%
Raipiri
0%
Pūkina
0%
Rakapuō
0%
Repanona
0%
Rāoho
0%
Rīkeneteina
0%
Rāwhia
0%
Ateria
0%
Arapeinia
0%
Te Araone
0%
Tākei
0%
Wītana
0%
Whitirana
0%
Whitināmu
0%
Warerangi
0%
Ūkareinga
0%
Uhipeketāne
0%
Anakora
0%
Ānatōra
0%
Tīmoa-ki-te-Rāwhiti
0%
Tīekia
0%
Tānahia
0%
Tāmipia
0%
Tukumanatāna
0%
Te Kamopia
0%
Ao Tome me Pirinihipi
0%
Tirinaki-Tāpako
0%
Tipūti
0%
Tiorangi
0%
Timuwawe
0%
Teroto
0%
Tenemāka
0%
Te Whakaora
0%
Te Tai Rei
0%
Aratiria
0%
Atepaihānia
0%
Te Moutere
Nehe me Papura
0%
Te Kūrae Matomato
0%
Pērara
0%
Hūmārie
0%
Pēma
0%
Kirihi
0%
Maikoronihia
0%
Heikere
0%
Henekara
0%
Hingapoa
0%
Kuatamāra
0%
Kotopo
0%
Koto Rika
0%
Horowinia
0%
Koroātia
0%
Horowākia
0%
Hēpia
0%
Hīraka
0%
Kini Pihō
0%
Hato Wāneti me
ngā Kerenarāna
0%
Kini Ekuatoria
0%
Kerenāra
0%
Kehitāna
0%
Hōrana
0%
Katatānga
0%
Kamarūna
0%
Kamapōtia
0%
Hōrano
0%
Hōria
0%
Initonīhia
0%
Īmene
0%
Iharaira
0%
Makerōnia-ki-te-Raki
0%
Hato Ruiha
0%
Ekuatoa
0%
Nikarāhua
0%
Pāpatohe
0%
Pākaratēhi
0%
Eritēria
0%
Purukāria
0%
Potukara
0%
Poronai
0%
Poriwia
0%
Poriwana
0%
Poho o Pita
0%
Paratiamu
0%
Haipara
0%
Pakitāne
0%
Ngāitiria
0%
Marakāhia
0%
Ngāika
0%
Nepōra
0%
Hanekari
0%
Hato Kiti me Newi
0%
Hato Marino
0%
Moutere Māhara
0%
Motu Horomona
0%
Morotawa
0%
Āketina
0%
Mohapiki
0%
Marihi
0%
Maratiwa
0%
Monotenīkoro
0%

Score Distribution

Percentile by Number Answered

Percent of People with Each Score

Your Score History

You have not taken this quiz